• 首页
  • 本馆介绍
  • 公告通知
  • 最新文献
  • 馆藏检索
  • 电子资源
  • 读者导购
  • 参考咨询
  • 我的图书馆
  • 登录
  • 详细信息显示
  • 放入我的书架
  • 预约/预借图书
  • 作者相关作品
  • 分类相关作品
  • 丛书相关作品
  • 出版社相关作品

书目信息

  • 表格格式
  • 工作单格式
  • 卡片格式
题名:
稳定电源
    
 
作者: 吴润宇 编著
分册:  
出版信息: 北京   人民邮电出版社  1984
页数: 274页
开本: 19cm
丛书名: 无线电爱好者丛书
单 册:
中图分类: TN86 , TM44
科图分类:
主题词: 稳压电源 , 稳定器
电子资源:
ISBN:
000 00752nam2 2200289 45
001 0184016150
005 20040910094625.8
010    @dCNY0.78
091    @a15045.总2790-无6260
100    @a19950509d1984 em y0chiy0121 ea
101 0  @achi
102    @aCN@b110000
105    @ay z 000yy
106    @ar
200 10 @a稳定电源@Awen ding dian yuan@f吴润宇等编著@FWu Run Yu Deng Bian Zhu
210    @a北京@c人民邮电出版社@d1984
215    @a274页@d19cm
225 2  @a无线电爱好者丛书
410  0 @120010@a无线电爱好者丛书
606    @a稳压电源
606 0  @a稳定器
690    @aTN86@v3 
690    @aTM44@v3
701  0 @a吴润宇@4编著
801  0 @aCN@b上海图书馆@c20040521
801  2 @aCN@bNLC@c20040521
905    @dTM44@e11@f1@b107460
    
    稳定电源/吴润宇等编著.-北京:人民邮电出版社,1984
    274页;19cm.-(无线电爱好者丛书)
    
    
    ISBN :CNY0.78
    
●
相关链接 在E读中查询图书 在五车中查询图书 在当当中查询图书 在豆瓣中查询图书


正题名:稳定电源     索取号:TM44/11         预约/预借

序号 登录号 条形码 馆藏地/架位号 状态 备注
1 0107460   001951873   第三借阅区/ [索取号:TM44/11] 在馆    
2 0107461   001344619   密集书库/ [索取号:TM44/11] 在馆    
3 0107462   001344655   第二样本阅览室/ [索取号:TM44/11] 在馆    
唐山师范学院图书馆 欢迎您!
大连网信软件有限公司© 版权所有